| 000 | 00626nam a22002057a 4500 | ||
|---|---|---|---|
| 005 | 20251108164032.0 | ||
| 008 | 250721s1981 xx 000 0 ara d | ||
| 082 | 1 | 4 | _a819.6309/خضر |
| 100 | 1 | _aخضر، حازم عبد الله | |
| 245 | 1 | 0 | _aالنثر الأندلسي في عصر الطوائف و المرابطين / |
| 264 |
_bدار الرشيد، _c1981. |
||
| 300 | _a593ص | ||
| 490 | 0 | _aسلسلة دراسات ؛244 | |
| 650 | 1 | 7 | _aالأدب العربي |
| 650 | 1 | 7 | _aالرسائل |
| 650 | 1 | 7 | _aالنقد الأدبي |
| 650 | 1 | 7 | _aالعصر الأندلسي |
| 942 |
_2ddc _cBK |
||
| 999 |
_c1970 _d1970 |
||